000 00663nam a2200217Ii 4500
003 JO-AjNU
008 230606s9999||||xx |||||||||||||| ||und||
020 _a978-007-127103-5 / 007-127103-1
040 _aJO-AjNU
_beng
_erda
_cJO-AjNU
041 _aeng
050 1 4 _aHG4521.H5778 2008
100 3 _aHirschey,Mark / Nofsinger,John,
_eauthor
_91748
245 0 0 _aInvestments Analysis and Behavior
250 _a2 ed
264 3 1 _aBoston: Mc Graw Hill, 2008
300 _a701p
_bIncludes appendix indexes(p671-701)
336 _atext
_btxt
_2rdacontent
337 _aunmediated
_bn
_2rdamedia
338 _avolume
_bnc
_2rdacarrier
650 4 _aInvestments
_91749
999 _aE922
_c922
_d922